The U. A. R. in development ; a study in expansionary finance /

Bibliographic Details
Main Author: Kardouche, George K.
Format: Book
Language:English
Published: New York : Praeger, [1967]
Series:Praeger special studies in international economics and development.
Subjects:

MARC

Tag First Indicator Second Indicator Subfields
LEADER 00000cam a2200000 4500
001 in00000216021
005 20151009060743.0
008 721016s1967 nyu b 00010 eng
010 |a  67014184  
035 |a (OCoLC)00444599 
035 |9 AAX4421AM 
040 |c KEN  |d TXA  |d UtOrBLW 
049 |a TXAM  |c [908839] 
050 0 0 |a HG1335  |b .K3 
082 0 |a 332/.0962 
100 1 |a Kardouche, George K. 
245 1 4 |a The U. A. R. in development ;  |b a study in expansionary finance /  |c [by] George K. Kardouche. 
264 1 |a New York :  |b Praeger,  |c [1967] 
300 |a xiii, 170 pages ;  |c 24 cm. 
336 |a text  |b txt  |2 rdacontent 
337 |a unmediated  |b n  |2 rdamedia 
338 |a volume  |b nc  |2 rdacarrier 
490 1 |a Praeger special studies in international economics and development 
500 |a Based on the author's thesis, Brown University, 1965. 
504 |a Bibliography: pages [165]-170. 
650 0 |a Monetary policy  |z Egypt. 
650 0 |a Banks and banking  |z Egypt. 
651 0 |a Egypt  |x Economic policy. 
830 0 |a Praeger special studies in international economics and development. 
999 |a MARS 
999 f f |s ebaf1e45-20f1-3a4f-b906-2b47ce6e0396  |i bfa51902-2ecf-308d-9a59-0d95a43588a7  |t 0 
952 f f |p ric  |a Texas A&M University  |b Rellis Campus  |c Joint Library Facility  |d Remote Storage  |t 0  |e HG1335 .K3  |h Library of Congress classification  |i unmediated -- volume  |m A14802866970 
998 f f |a HG1335 .K3  |t 0  |l Remote Storage